=LDR 00000nam 2200000 4500 =001 INLIS000000000040619 =005 20130612150200 =008 ***********************************ind** =035 ##$$0010-061300000040619 =041 ##$$a ind =082 ##$$a 641.3 =090 ##$$a 641.3 , Sut,h =100 ##$$a SUTOMO, Budi =245 ##$$a Hidangan fevorit telur , Budi Sutomo =260 ##$$a 2006 $b Jakarta =300 ##$$a 48 hlm. , Illus , 20 cm =650 ##$$a MASAKAN TELUR - RESEP =850 ##$$a NBPNMAT =990 ##$$a 76007600 =990 ##$$a 01201707600